00692nam a2200181 a 4500001001000000003000900010005001700019008004100036040002500077082001900102100002700121245008300148260009900231300001900330500007200349505005200421700003700473000022426DO-SdBNP20250410124537.0101011s1998 dr ac r 001 0 spa d aDO-SdBNPbspacBNPHU a972.9302bU26e1 aUgarte, Maríad1914-10aEstampas coloniales /cMaría Ugarte ; presentación José Rafael Lantigua. aSanto Domingo :bComisión Permanente de la Feria Nacional del Libro,c1998.fAmigo del Hogar a2 v. ;c23 cm. aIncluye referencias biblográficas y notas al pie de las páginas0 gv. 1tSiglo XVI --gv. 2tSiglos XVII-XVIII-XIX1 aLantigua, José Rafael, d1949-